Statistics for Foreigners in Sweden by Country of Birth

Click here to take the quiz!

General Stats

  • This quiz has been taken 1,642 times
  • The average score is 17 of 24

Answer Stats

HintAnswer% Correct
158,488Finland
98%
42,301Norway
97%
42,374Denmark
95%
24,399United Kingdom
94%
49,359Germany
92%
19,028Russia
90%
19,569United States
88%
81,697Poland
87%
130,168Iraq
86%
67,671Syria
86%
28,699China
83%
68,436Iran
83%
21,929India
78%
46,146Turkey
77%
28,443Afghanistan
63%
56,906Somalia
62%
24,666Romania
54%
57,289Bosnia and Herzegovina
52%
38,129Thailand
50%
16,229Vietnam
48%
25,699Lebanon
46%
16,193Hungary
39%
21,827Eritrea
30%
28,216Chile
29%

Score Distribution

Percentile by Number Answered

Percent of People with Each Score

Your Score History

You have not taken this quiz